000 00206nam a22000857a 4500
008 170117b xxu||||| |||| 00| 0 eng d
100 _92450
_aCBSE
245 _aMathematics F.A.-X
260 _aNew Delhi
_bCBSE
_c2010
999 _c5505
_d5505